000 01201nam0a2200301 4500
001 RU\NLR\bibl\158879
005 20240726042922.0
020 _aRU-7988
_9Летопись авторефератов диссертаций
021 _aRU
_b98-09538a
035 _a(NLR Aleph) 000155837
090 _a895340
_c895340
100 _a20000615d1998 u u0rusy50 ca
101 0 _arus
102 _aRU
105 _ay dm |||||
200 1 _aСвободные экономические зоны как инструмент рыночной трансформации экономической системы
_e(На материалах КНР)
_eАвтореф. дис. на соиск. учен. степ. к.э.н.
_eСпец. 08.00.14
_fС.-Петерб. гос. ун-т экономики и финансов
210 _aСПб.
_d1998
215 _a18 с.
_d20
320 _aБиблиогр.: с. 18
610 0 _aЭкономические науки
686 _a08.00.14
_2oksvnk
700 0 _aГо Шоу-Джи
801 0 _aRU
_bRKP
_c20000615
_gPSBO
801 1 _aRU
_bRKP
_c20000615
801 2 _aRU
_bNLR
_c20010620
_grcr
852 _aNLR
_jА98/8538
942 _cBOOK